000 01875nam a2200265Ia 4500
008 260220t2007||||xx |||||||||||||| ||spa||
020 _a9788428324288
040 _aPY-SlUNAC
_bspa
_erda
041 _aspa
082 _a001.42
_bSie17t
100 _aSierra Bravo, Restituto
_eAutor
245 0 _aTécnicas de investigación social /
_cpor Restituto Sierra Bravo [Autor]
250 _aDecimocuarta edición
264 _aMadrid :
_bThomson,
_c℗2007.
300 _a714 páginas
520 _aEl libro "Técnicas de investigación social" de Restituto Sierra Bravo ofrece una visión integral sobre los métodos y procedimientos utilizados en la investigación dentro del ámbito social. A lo largo de sus capítulos, el autor examina diversas técnicas cualitativas y cuantitativas, proporcionando un marco teórico que fundamenta su aplicación en contextos reales. Se abordan temas como la recolección de datos, el diseño de encuestas, la observación participante y el análisis de contenido, enfatizando la importancia de la ética en la investigación. Además, el texto incluye ejemplos prácticos y estudios de caso que ilustran los conceptos expuestos, facilitando así la comprensión de las metodologías. La obra es una herramienta valiosa tanto para estudiantes como para investigadores, ya que no solo detalla las técnicas, sino que también promueve un pensamiento crítico sobre la validez y la fiabilidad de los datos obtenidos. En definitiva, Sierra Bravo contribuye significativamente al entendimiento de la investigación social contemporánea y sus desafíos.
653 _aCiencias sociales
653 _aInvestigación social
653 _aMétodos de investigación
942 _b2026/02/17
_cBK
999 _c6650
_d6650